000 00983nam a22002777i 4500
003 URS
005 20251023105255.0
008 181018b xxu||||| |||| 00| 0 eng d
020 _a971-685-774-0
040 _erda
_cURS
_bEnglish
050 _aLB1765.P6
_bL616l 2014
245 _aLET comprehensive reviewer : based on NCBTS and Table of Specifications (TOS) /
_cRomeo C. Lanzaderas...[and three others].
264 _aQuezon City :
_bLorimar Publishing,
_c©2014.
300 _a182 pages ;
_c26 cm.
336 _atext
_btxt
_2rdacontent
337 _aunmediated
_bn
_2rdamedia
338 _avolume
_bnc
_2rdacarrier
505 _aSpecialization : Technology and Livelihood Education (TLE).
650 _aTeacher -- Examinations.
650 _aCivil service
_xExaminations.
700 _aLanzaderas, Romeo C.,
_eauthor.
700 _aPantaleon, Anabelle T.,
_eauthor.
700 _aTaperla Jr., Ireneo M.,
_eauthor.
700 _aCapuno, Reylan G.,
_eauthor.
942 _2lcc
_cF
999 _c10446
_d10446